| 000 -LEADER |
| fixed length control field |
01424pab a2200157 454500 |
| 008 - FIXED-LENGTH DATA ELEMENTS--GENERAL INFORMATION |
| fixed length control field |
180718b2001 xxu||||| |||| 00| 0 eng d |
| 100 ## - MAIN ENTRY--PERSONAL NAME |
| Personal name |
Walker, David B. |
| 245 ## - TITLE STATEMENT |
| Title |
New federalism. III. a reformed system in the making? |
| 260 ## - PUBLICATION, DISTRIBUTION, ETC. |
| Date of publication, distribution, etc. |
2001 |
| 300 ## - PHYSICAL DESCRIPTION |
| Extent |
p.51-75 |
| 520 ## - SUMMARY, ETC. |
| Summary, etc. |
The current intergovernmental initiatives of the president, the Congress, and the Court amount to different versions of a New Federalism III. Each of the New Federalisms (Nixon's, Reagan's, and the combined but conflicting undertakings of the current national leadership and to a lesser degree, of the states and localities) have focused on devolution, deregulation, reduction in the number of categorical programs by enacting block grants, and a much reduced federal role in the federal system. Yet, there were and are significant differences among the three. The ambivalent centralizing-while-devolving record of the first two and a potentially similar outcome of the current IGR restructuring endeavors underscore the continuing conflict between the forces of noncentralization, as against those favoring centralization within the overall system. Thus far, no clear-cut intergovernmental winners can be identified in the current battling over the future of American federalism. - Reproduced |
| 650 ## - SUBJECT ADDED ENTRY--TOPICAL TERM |
| Topical term or geographic name entry element |
Federalism - United States |
| 650 ## - SUBJECT ADDED ENTRY--TOPICAL TERM |
| Topical term or geographic name entry element |
Federalism |
| 773 ## - HOST ITEM ENTRY |
| Main entry heading |
International Journal of Public Administration |
| 909 ## - |
| -- |
48418 |